000
00334nam a22001457a 4500
003
OSt
020
_a
9781107610705
100
_a
Beech Nic
245
_a
Managing change :enquiry and action
250
_a
1
260
_a
Delhi
_b
Cambridge university press
_c
2012
300
_a
274p.
700
_a
Maclntosh Robert
942
_2
ddc
_c
BK
999
_c
190341
_d
190341